=LDR 00000nam 2200000 4500 =001 NUTBA000000000002941 =005 20141105114748.0 =006 =007 =008 =020 ##$$a 979-495-716-X =035 ##$$a 0010-071400000000129 =082 ##$$a 476 =100 ##$$a SRI MULYANI =245 ##$$a KIMIA FISIKA 2 =260 ##$$a MALANG $b UNIV. NEGERI MALANG $c 2005 =850 ##$$a NBPNMAT =990 ##$$a 21400613/BPAP-NTB/20142014 =990 ##$$a 0001/BPAP-NTB/20142014 =990 ##$$a 0001/BPAP-NTB/20142014 =990 ##$$a 21400613/BPAP-NTB/20142014 =990 ##$$a 0001/BPAP-NTB/20142014